Normal view MARC view

Entry Personal Name

Number of records used in: 1

001 - CONTROL NUMBER

  • control field: 29577

003 - CONTROL NUMBER IDENTIFIER

  • control field: dpl

005 - DATE AND TIME OF LATEST TRANSACTION

  • control field: 20110714113512.0

008 - FIXED-LENGTH DATA ELEMENTS

  • fixed length control field: 110714|||a|||||| | ||| d

040 ## - CATALOGING SOURCE

  • Original cataloging agency: dpl
  • Transcribing agency: dpl

100 ## - HEADING--PERSONAL NAME

  • Personal name: Raza, Moosa

670 ## - SOURCE DATA FOUND

  • Source citation: Work cat.: (dpl)51341: Raza, Moosa, Of nawabs and nightingales & other episodes /, 1997

670 ## - SOURCE DATA FOUND

  • Source citation: Work cat.: (dpl)51341: Raza, Moosa, Of nawabs and nightingales & other episodes /, 1997

© Delhi Public Library
Hit Counter
free hit counter